000 00447nam a2200181Ia 4500
001 19826
005 20260306172721.0
008 260306t2010||||xx |||||||||||||| ||spa||
041 _aESP
082 _a341.11
_bCH533
100 _aChávez-Fernández P., José
_eAUT
245 0 _aDerecho y moral en el debate iusfilosófico contemporáneo
260 _c2010
300 _a
_c
650 _aGEN
654 _aCDE
942 _cLIB
_dJUS
_fJUS
_2ddc
_n
999 _c19826
_d19826